| 000 | 01052cam a22002651i 4500 | ||
|---|---|---|---|
| 003 | SA-RiAUC | ||
| 005 | 20250513094918.0 | ||
| 008 | 250513s2002 su g 000 0 ara c | ||
| 040 |
_aSA-RiKSU _bara _cSA-RiAUC _erda |
||
| 050 | 4 | _b.A46 2002 | |
| 082 | 0 | 4 |
_a212 _qSA-RiAUC |
| 090 |
_a212 _b ا ل م |
||
| 100 | 1 |
_aالألمعي، عبد الله عواض محمد _eمؤلف. |
|
| 245 | 1 | 0 |
_aدور التربية في صدر الإسلام على ضوء السنة النبوية / _c تأليف عبد الله عواض محمد الألمعي. |
| 250 | _aالطبعة الأولى. | ||
| 264 | 1 |
_aجدة، السعودية : _bدار الأندلس الخضراء، _c2002 |
|
| 300 |
_a203 صفحة ؛ _c24 سم |
||
| 336 |
_aنص _btxt _2rdacontent _3كتاب |
||
| 337 |
_aبدون وسيط _bn _2rdamedia |
||
| 338 |
_aمجلد _bnc _2rdacarrier |
||
| 650 | 7 |
_aالتربية الإسلامية _2aucsh |
|
| 650 | 7 |
_aالأخلاق الإسلامية _2aucsh |
|
| 942 |
_2ddc _cBOOK _n0 |
||
| 949 |
_aSA-JeALM _d250513 _umohamedma123 _n1 |
||
| 999 |
_c7895 _d7895 |
||